000 02119cam a22004814i 4500
003 PE-LiUPU
005 20250731173314.0
008 150616s r 000 0 d
020 _a8470572954
035 _a(Sirsi) i9788470572951
040 _aPE-LiUPU
_bspa
_cPE-LiUPU
_erda
049 _aPRUA
082 0 4 _a290.9
_bE391981
_221
100 1 _aEliade, Mircea,
_eautor.
245 1 0 _aTratado de historia de las religiones: morfología y dialectica de lo sagrado.
264 1 _aMadrid :
_bEdiciones Cristiandad,
_c1981.
300 _a474 páginas ;
_c19 centímetros
336 _atext
_2rdacontent
337 _aunmediated
_2rdamedia
338 _avolume
_2rdacarrier
490 0 _aAcademia Christiana ;
_v13
504 _aIncluye bibliografía.
505 0 _aAproximaciones: estructura y morfología de lo sagrado -- El cielo: dioses uranicos, ritos y símbolos celestes -- El sol y los cultos solares -- La luna y la mística lunar -- Las aguas y el símbolismo acuático -- Las piedras sagradas: epifanias, signos y formas -- La tierra, la mujer y la fecundidad -- La vegetación. Símbolos y ritos de renovación -- La agricultura y los cultos de la fertilidad -- El espacio sagrado: templo, palacio, «centro del mundo» -- El tiempo sagrado y el mito del eterno retorno -- Morfología y función de los mitos -- Estructura de los símbolos.
526 _aSEG42
526 _aSEG41
526 _aSEG40
526 _aSEG39
526 _aP94
526 _aP87
526 _aP86
526 _aP85
526 _aP77
526 _aP76
526 _aP35
650 0 4 _aRELIGIONES - HISTORIA.
910 _ajck
_bjvq
_cjck
942 _2ddc
_cBOOK
949 _a290.9 E39 1981
_wDEWEY
_c1
_i21693
_lCCODEBUL1
_mBUL
_r0
_sY
_tBOOK
_u2015-6-16
_xTEOLOGIA
_zUNKNOWN
_0COMPRA
_o.STAFF. Colección General
994 _aC0
_bPEPRU
596 _a1
999 _a290.9 E39 1981
_wDEWEY
_c45423
_i21693
_d45423
_f2021-11-11
_g5
_lCCODEBUL1
_mBUL
_q3
_r0
_sY
_tBOOK
_u2015-6-16
_xTEOLOGIA
_zUNKNOWN
_0COMPRA
_o.STAFF. Colección General
980 _81
_gALBERTO SANCHEZ Responsable de Automatización